| 000 | 01289nam a2200349 c 4500 | ||
|---|---|---|---|
| 999 |
_c127375 _d127375 |
||
| 003 | BLK | ||
| 005 | 20210201104250.0 | ||
| 008 | 180409b bul|||||r ||||||| ||bul|| | ||
| 010 | _aKNG00133077000 | ||
| 040 | _aBLK | ||
| 041 |
_aBUL _cBUL |
||
| 080 |
_aСвещено писание. Библия. Стар и Нов завет _b22 _x:087.5 _z22:087.5 |
||
| 139 |
_aБилин, Боян _bБ 44 |
||
| 245 | 1 | 0 |
_aНачало на битието _cпреразк. Боян Билин; ил. Никифор Русков. |
| 257 | _aBGR | ||
| 260 |
_bПлеяда _c1991 _aСофия |
||
| 300 |
_a32 с. _bс цв. ил. _c29 см |
||
| 380 | _a2 | ||
| 490 |
_aМоята първа Библия : Вехтият завет _vКн. 1 _9439961 |
||
| 500 | _aАвт. не е отбелязан на кор. - 5 000 тир. | ||
| 650 | 4 |
_aБиблия _9148564 |
|
| 653 | _aБиблия | ||
| 653 | _aСтар Завет | ||
| 653 | _aАдам и Ева | ||
| 700 | 1 |
_aБилин, Боян _eпреразк. _939075 |
|
| 700 | 1 |
_aРусков, Никифор _eил. _9364263 |
|
| 852 | _aЦб ІІ 17173 | ||
| 856 | 4 | _qpdf | |
| 856 | 4 | _qpdf | |
| 942 |
_cKNG _n0 _s1 |
||
| 944 |
_aCR _c23.08.2012 _l23.08.2012 - от С1,Р / 23.08.2012 _kЕлица_Владова |
||
| 944 |
_aED _c23.08.2012 _l23.08.2012 - от С1,Р / 23.08.2012 |
||
| 999 | _d127375 | ||
| 999 | _d127375 | ||